| 000 | 00431nam a2200181Ia 4500 | ||
|---|---|---|---|
| 001 | 3304 | ||
| 005 | 20260306145633.0 | ||
| 008 | 260306t2013||||xx |||||||||||||| ||spa|| | ||
| 041 | _aESP | ||
| 082 |
_a269 _bF11 |
||
| 100 |
_aFabro, Cornelio _eAUT |
||
| 245 | 0 | _aLettere su Santa Gemma al monastero di Lucca | |
| 260 | _c2013 | ||
| 300 |
_a218 páginas : _c21cm. |
||
| 650 | _aGEN | ||
| 654 | _aCHU | ||
| 942 |
_cLIB _dJUS _fJUS _2ddc _n |
||
| 999 |
_c3304 _d3304 |
||